La biblioteca de la Real Sociedad Económica Matritense de Amigos del País en 1975 / (Record no. 92638)

MARC details
000 -LEADER
campo de control de longitud fija 00798nam a2200193 i 4500
001 - NÚMERO DE CONTROL
campo de control 92638
003 - IDENTIFICADOR DE NÚMERO DE CONTROL
campo de control ES-MaACL
005 - FECHA Y HORA DE LA ÚLTIMA TRANSACCIÓN
campo de control 20230906181024.0
007 - CAMPO FIJO DE DESCRIPCIÓN FÍSICA--INFORMACIÓN GENERAL
campo de control de longitud fija t|
008 - DATOS DE LONGITUD FIJA--INFORMACIÓN GENERAL
campo de control de longitud fija 050411s1978 sp ||||1| spa d
080 ## - NÚMERO DE LA CLASIFICACIÓN DECIMAL UNIVERSAL
Número de la Clasificación Decimal Universal 017.2(460.27) Soc. Ec. Matr. Am. País
100 1# - ENTRADA PRINCIPAL--NOMBRE DE PERSONA
Nombre de persona Mur Rengifo, María del Pilar.
9 (RLIN) 84529
245 13 - MENCIÓN DEL TÍTULO
Título La biblioteca de la Real Sociedad Económica Matritense de Amigos del País en 1975 /
Mención de responsabilidad, etc. María del Pilar Mur Rengifo.
260 ## - PUBLICACIÓN, DISTRIBUCIÓN, ETC.
Lugar de publicación, distribución, etc. Madrid :
Nombre del editor, distribuidor, etc. Real Sociedad Económica Matritense de Amigos del País,
Fecha de publicación, distribución, etc. [1978]
300 ## - DESCRIPCIÓN FÍSICA
Extensión XXVIII, 753 p. ;
Dimensiones 19 cm.
610 2# - PUNTO DE ACCESO ADICIONAL DE MATERIA--NOMBRE DE ENTIDAD CORPORATIVA
Nombre de entidad corporativa o nombre de jurisdicción como elemento de entrada Real Sociedad Económica Matritense de Amigos del País.
Unidad subordinada Biblioteca-
Subdivisión de forma Catálogos.
9 (RLIN) 6391
710 2# - ENTRADA AGREGADA--NOMBRE DE ENTIDAD CORPORATIVA
Nombre de entidad corporativa o nombre de jurisdicción como elemento de entrada Real Sociedad Económica Matritense de Amigos del País.
9 (RLIN) 6389
852 ## - LOCALIZACIÓN
Ubicación ES-MaACL
Número de control de estantería E-10937
Sublocalización o colección R.123659
Holdings
Estatus retirado Estado de pérdida Estado de daño No para préstamo Biblioteca de origen Biblioteca actual Ubicación en estantería Fecha de adquisición Fuente de adquisición Total de préstamos Signatura topográfica completa Código de barras Visto por última vez Precio de reemplazo Tipo de ítem Koha
        Biblioteca del Ateneo de Madrid Biblioteca del Ateneo de Madrid Depósito 2 17/01/2008     E-10937 1096712 23/02/2023 23/02/2023 Libro impreso